MARC details
| 000 -CABECERA |
| campo de control de longitud fija |
01105nam a2200265 a 4500 |
| 001 - NÚMERO DE CONTROL |
| campo de control |
000047890 |
| 005 - FECHA Y HORA DE LA ÚLTIMA TRANSACCIÓN |
| campo de control |
20250708144319.0 |
| 008 - DATOS DE LONGITUD FIJA--INFORMACIÓN GENERAL |
| campo de control de longitud fija |
090630s2018 dr a 000 0 spa d |
| 020 ## - NÚMERO INTERNACIONAL ESTÁNDAR DEL LIBRO |
| Número Internacional Estándar del Libro |
9789945 603361 |
| 040 ## - FUENTE DE LA CATALOGACIÓN |
| Centro catalogador/agencia de origen |
DO-SdBNP |
| Lengua de catalogación |
spa |
| Centro/agencia transcriptor |
BNPHU |
| 082 ## - NÚMERO DE LA CLASIFICACIÓN DECIMAL DEWEY |
| Número de clasificación |
RD861.44 |
| Número de documento/Ítem |
B844zo,2018 |
| 100 1# - ENTRADA PRINCIPAL--NOMBRE DE PERSONA |
| Nombre de persona |
Bretón Martínez, Freddy Antonio de Jesús, |
| Fechas asociadas al nombre |
1947- |
| Término indicativo de función/relación |
autor |
| 9 (RLIN) |
11012 |
| 245 10 - MENCIÓN DE TÍTULO |
| Título |
Obra selecta / |
| Mención de responsabilidad, etc. |
Freddy Bretón Martínez ; prólogo Adriano Miguel Tejada. |
| 246 13 - FORMA VARIANTE DE TÍTULO |
| Título propio/Titulo breve |
Obra selecta de Freddy Bretón Martínez |
| 260 ## - PUBLICACIÓN, DISTRIBUCIÓN, ETC. |
| Lugar de publicación, distribución, etc. |
Santo Domingo : |
| Nombre del editor, distribuidor, etc. |
Pontificie Universidad Católica Madre y Maestra, |
| Fecha de publicación, distribución, etc. |
2018. |
| 300 ## - DESCRIPCIÓN FÍSICA |
| Extensión |
813 p. ; |
| Dimensiones |
26 cm. |
| 500 ## - NOTA GENERAL |
| Nota general |
Incluye referencias bibliográficas y notas al pie de las páginas |
| 500 ## - NOTA GENERAL |
| Nota general |
Incluye datos biográficos del autor en la solapa de la contracubierta |
| 590 ## - NOTA LOCAL (RLIN) |
| Nota local |
Inventariado, 2018/VM |
| 600 10 - PUNTO DE ACCESO ADICIONAL DE MATERIA--NOMBRE DE PERSONA |
| Nombre de persona |
Bretón Martínez, Freddy Antonio de Jesús, |
| Fechas asociadas al nombre |
1947- |
| Término indicativo de función/relación |
autor |
| 9 (RLIN) |
11012 |
| 650 #0 - PUNTO DE ACCESO ADICIONAL DE MATERIA--TÉRMINO DE MATERIA |
| Término de materia o nombre geográfico como elemento de entrada |
Poesía dominicana |
| 9 (RLIN) |
66 |
| 650 #0 - PUNTO DE ACCESO ADICIONAL DE MATERIA--TÉRMINO DE MATERIA |
| Término de materia o nombre geográfico como elemento de entrada |
Literatura dominicana. |
| 9 (RLIN) |
67 |
| 700 1# - PUNTO DE ACCESO ADICIONAL--NOMBRE DE PERSONA |
| Nombre de persona |
Tejada, Adriano Miguel |
| Fechas asociadas al nombre |
1948-2020 |
| Término indicativo de función/relación |
pról. |
| 9 (RLIN) |
8560 |
| 910 ## - DATOS DE OPCIÓN DEL USUARIO (OCLC) |
| Datos de opción del usuario |
Validado. Control de calidad BNPHU |